00305nam a2200121Ia 4500100002800000650001200028654001200040245005200052260003900104082002000143300000800163546001200171 aJoyce M/ Wallersteiner  aGeneral aGeneral aErgonomics : Humanizing the automated office bSouth West PubaCincinnatic1989 a620.82bJOY/WAL a181 aENGLISH